000 00560nam a2200205Ia 4500
005 20250326144312.0
008 250326s9999 xx 000 0 und d
020 _a978-81-7188-658-6
037 _aTextbook
040 _aFMSL
_beng
_cFMSL
041 _aeng
_2eng
084 _aX.44.'P07t4 P7
_qFMSL
100 _aOECD
245 0 _aOECD Economic surveys India 2007
_cOECD
260 _aNew Delhi
_bNew Delhi, Academic Foundation
_c2007
300 _a241p
365 _b1295
942 _cTB
_hX.44.'P07t4 P7
999 _c1303216
_d1303216